Normal view
MARC view
- Stuart S, Nagel
Entry Personal Name
001 - CONTROL NUMBER
- control field: 3941
003 - CONTROL NUMBER IDENTIFIER
- control field: OSt
005 - DATE AND TIME OF LATEST TRANSACTION
- control field: 20170512114640.0
008 - FIXED-LENGTH DATA ELEMENTS
- fixed length control field: 170512|| aca||aabn | a|a d
040 ## - CATALOGING SOURCE
- Original cataloging agency: OSt
- Transcribing agency: OSt
100 ## - HEADING--PERSONAL NAME
- Personal name: Stuart S, Nagel
670 ## - SOURCE DATA FOUND
- Source citation: Work cat.: (OSt): Stuart S, Nagel, The Rights Of The Accused, 1972

PORTAL AKMAL
E-MEL JKDM
AKMAL2U
G-BAM
u-PUSTAKA